The happy prince : Other stories

Bibliographic Details
Main Author: Wilde, Oscar
Format: Book
Published: India : Fortune Books , 2004
Series:Fortune illustrated classics
Subjects:

MARC

LEADER 00000cam a2200000 7i4500
001 0000009548
005 20160330.0
008 071001
020 |a 8181990951 
090 0 0 |a WIL   |b ENG (8328) 
100 1 |a Wilde, Oscar 
245 1 4 |a The happy prince :   |b Other stories   |c Oscar Wilde 
260 |a India :   |b Fortune Books ,   |c 2004 
440 |a Fortune illustrated classics 
500 |a Teenager ages 13-18 years old (blue) 
650 0 |a English fiction 
999 |a 0000997507   |b Book   |c Teenagers   |e Perbadanan Perpustakaan Awam Johor 
999 |a 0000997508   |b Book   |c Teenagers   |e Perbadanan Perpustakaan Awam Johor